[Event "45th Nordic Ch"]
[Site "Reykjavik ISL"]
[Date "1997.10.08"]
[Round "1"]
[White "Tisdall, Jonathan"]
[Black "Thorhallsson, Throestur"]
[Result "1/2-1/2"]
[WhiteElo "2480"]
[BlackElo "2510"]
[EventDate "1997.10.08"]
[PlyCount "48"]

1.d4 Nf6 2.Nf3 d5 3.c4 c6 4.Nc3 e6 5.g3 Nbd7 6.Bg2 dxc4 7.a4 Bb4 8.O-O O-O
9.Qc2 Qe7 10.Na2 Bd6 11.Qxc4 e5 12.a5 exd4 13.Nxd4 Ne5 14.Qc2 a6 15.Nc3 
Bc7 16.Bg5 h6 17.Bxf6 Qxf6 18.Nd5 Qd8 19.Nxc7 Qxc7 20.Qc3 f5 21.e3 Qe7 22.
Rfd1 Be6 23.Nxe6 Qxe6 24.Qb4 Rf7 1/2-1/2

[Event "45th Nordic Ch"]
[Site "Reykjavik ISL"]
[Date "1997.10.08"]
[Round "1"]
[White "Hector, Jonny"]
[Black "Gretarsson, Helgi Ass"]
[Result "1-0"]
[WhiteElo "2470"]
[BlackElo "2475"]
[EventDate "1997.10.08"]
[PlyCount "69"]

1.e4 d6 2.d4 e5 3.dxe5 dxe5 4.Qxd8+ Kxd8 5.f4 Nd7 6.Nf3 Bd6 7.Nbd2 Ngf6 8.
Bc4 exf4 9.Bxf7 Rf8 10.Bb3 h6 11.O-O g5 12.Re1 Re8 13.h3 Ne5 14.Nxe5 Rxe5 
15.Bc4 Bf5 16.Bd3 Re8 17.b3 Be5 18.Rb1 Bg6 19.Ba3 Nd7 20.Rbd1 Bc3 21.Rf1 
Bh5 22.Nf3 c6 23.Bd6 Bxf3 24.gxf3 Bd4+ 25.Kg2 Re6 26.Ba3 Be5 27.Bc4 Rg6 
28.Rf2 Kc7 29.Rfd2 Nb6 30.Bf7 Rg7 31.Be6 a5 32.c4 a4 33.Bb4 axb3 34.axb3 
Ra1 35.Rxa1 1-0

[Event "45th Nordic Ch"]
[Site "Reykjavik ISL"]
[Date "1997.10.08"]
[Round "1"]
[White "Aakesson, Ralf"]
[Black "Westerinen, Heikki"]
[Result "0-1"]
[WhiteElo "2520"]
[BlackElo "2410"]
[EventDate "1997.10.08"]
[PlyCount "78"]

1.Nf3 d5 2.d4 c5 3.c4 dxc4 4.d5 e6 5.Nc3 exd5 6.Qxd5 Qxd5 7.Nxd5 Bd6 8.e4 
Nf6 9.Bxc4 Nc6 10.Nxf6+ gxf6 11.Be3 Be6 12.Rc1 Rc8 13.O-O b6 14.Ba6 Rc7 
15.Rfd1 Be5 16.Nxe5 fxe5 17.Bg5 Rg8 18.f4 Nd4 19.Bf6 Bg4 20.Rd2 Bc8 21.
Bb5+ Bd7 22.Bxd7+ Rxd7 23.Kf2 Nc6 24.Rcd1 Rxd2+ 25.Rxd2 Rg4 26.Rd6 Rxf4+ 
27.Ke3 Rf1 28.b4 cxb4 29.Rxc6 Kd7 30.Ke2 Rf4 31.Rc7+ Kd6 32.Bh8 Rxe4+ 33.
Kf3 Rf4+ 34.Ke3 a5 35.Rb7 Rg4 36.g3 Rg8 37.Bf6 Rg6 38.Bh8 Rg8 39.Bf6 Rg6 
0-1

[Event "45th Nordic Ch"]
[Site "Reykjavik ISL"]
[Date "1997.10.08"]
[Round "1"]
[White "Nilssen, John Arni"]
[Black "Stefansson, Hannes Hlifar"]
[Result "0-1"]
[WhiteElo "2315"]
[BlackElo "2545"]
[EventDate "1997.10.08"]
[PlyCount "64"]

1.Nf3 Nf6 2.c4 e6 3.g3 c5 4.Bg2 Be7 5.O-O O-O 6.b3 d5 7.Bb2 Nc6 8.e3 b6 9.
Nc3 Ba6 10.d3 Qd7 11.Qe2 Rad8 12.Rfd1 Rfe8 13.Rac1 Bf8 14.d4 Qc8 15.Nb5 
cxd4 16.exd4 Qb8 17.Ne5 Ne7 18.a4 dxc4 19.bxc4 Bb7 20.a5 Bxg2 21.Kxg2 a6 
22.Nc3 bxa5 23.Kg1 Qc7 24.Ra1 Nf5 25.Ne4 Nxe4 26.Qxe4 Bd6 27.Bc3 Bxe5 28.
Bxa5 Qxc4 29.Bxd8 Bxd4 30.Qa8 Bxa1 31.Rxa1 Qd4 32.Bf6 Qxa1+ 0-1

[Event "45th Nordic Ch"]
[Site "Reykjavik ISL"]
[Date "1997.10.08"]
[Round "1"]
[White "Hillarp Persson, Tiger"]
[Black "Djurhuus, Rune"]
[Result "0-1"]
[WhiteElo "2445"]
[BlackElo "2525"]
[EventDate "1997.10.08"]
[PlyCount "80"]

1.d4 Nf6 2.c4 c5 3.d5 b5 4.cxb5 a6 5.e3 g6 6.Nc3 Bg7 7.a4 O-O 8.Ra3 d6 9.
Nf3 Nbd7 10.e4 Ne8 11.Be2 axb5 12.Nxb5 Ba6 13.O-O Nc7 14.Nc3 Qc8 15.Re1 
Rb8 16.Qc2 Qb7 17.Nd1 Rfe8 18.Nd2 Bxe2 19.Rxe2 e6 20.Nc4 Qa6 21.Bf4 exd5 
22.exd5 Nxd5 23.Bxd6 Nb4 24.Bxb8 Nxc2 25.Rxe8+ Nf8 26.Nde3 Nxa3 27.bxa3 
Qxa4 28.Rd8 Bf6 29.Rd1 Bd4 30.Be5 Ne6 31.Rb1 Bxe5 32.Nxe5 Qxa3 33.h3 Qa2 
34.Rb8+ Kg7 35.N3c4 f6 36.Rb7+ Kg8 37.Rb8+ Nf8 38.Nd7 Qxc4 39.Rxf8+ Kg7 
40.Rc8 0-1

[Event "45th Nordic Ch"]
[Site "Reykjavik ISL"]
[Date "1997.10.08"]
[Round "1"]
[White "Hjartarson, Johann"]
[Black "Gausel, Einar"]
[Result "1-0"]
[WhiteElo "2605"]
[BlackElo "2540"]
[EventDate "1997.10.08"]
[PlyCount "76"]

1.e4 c6 2.d4 d5 3.e5 Bf5 4.Nf3 e6 5.Be2 Nd7 6.O-O Ne7 7.Nh4 Qb6 8.c4 Bxb1 
9.Rxb1 dxc4 10.Bxc4 Rd8 11.Qg4 h5 12.Qe4 Nxe5 13.dxe5 Rd4 14.Qe2 Rxh4 15.
Be3 Qc7 16.Rbd1 Nd5 17.Bxd5 exd5 18.f4 g5 19.e6 f6 20.Qc2 Qh7 21.Qa4 Bd6 
22.Rxd5 Bxf4 23.Bxf4 Rxf4 24.Rxf4 gxf4 25.Rd1 Qe7 26.Qxf4 O-O 27.Qf5 Qh7 
28.Qxh7+ Kxh7 29.Rd7+ Kg6 30.Rxb7 Re8 31.e7 a5 32.Kf2 Kf7 33.Kf3 Rxe7 34.
Rxe7+ Kxe7 35.h4 f5 36.Kf4 Kf6 37.a4 c5 38.b3 1-0

[Event "45th Nordic Ch"]
[Site "Reykjavik ISL"]
[Date "1997.10.08"]
[Round "1"]
[White "Schandorff, Lars"]
[Black "Hansen, Curt"]
[Result "1/2-1/2"]
[WhiteElo "2505"]
[BlackElo "2600"]
[EventDate "1997.10.08"]
[PlyCount "32"]

1.d4 Nf6 2.c4 e6 3.Nc3 Bb4 4.Qc2 O-O 5.a3 Bxc3+ 6.Qxc3 b6 7.Bg5 Bb7 8.f3 
h6 9.Bh4 d5 10.e3 Nbd7 11.Rc1 c5 12.dxc5 bxc5 13.Bd3 Qb6 14.Ne2 e5 15.Bxf6
Qxf6 16.cxd5 1/2-1/2

[Event "45th Nordic Ch"]
[Site "Reykjavik ISL"]
[Date "1997.10.09"]
[Round "2"]
[White "Gretarsson, Helgi Ass"]
[Black "Schandorff, Lars"]
[Result "1/2-1/2"]
[WhiteElo "2475"]
[BlackElo "2505"]
[EventDate "1997.10.08"]
[PlyCount "96"]

1.d4 d5 2.Nf3 Nf6 3.Bf4 c5 4.e3 Qb6 5.Qc1 Nc6 6.c3 Bf5 7.Be2 e6 8.Nbd2 Rc8
9.O-O cxd4 10.exd4 Be7 11.a3 O-O 12.b4 Ne4 13.Nb3 Bd6 14.Bxd6 Nxd6 15.Re1 
Qc7 16.Qf4 Ne4 17.Qxc7 Rxc7 18.Rac1 Nd6 19.Nfd2 Rfc8 20.h4 h6 21.g4 Bh7 
22.Bf1 Nb8 23.Re3 Nd7 24.a4 Nf6 25.Be2 Nfe4 26.Nxe4 Nxe4 27.Nc5 Nd6 28.a5 
b6 29.Na6 Rd7 30.b5 h5 31.f3 hxg4 32.fxg4 Be4 33.Ra1 f5 34.axb6 axb6 35.
Nb4 f4 36.Rh3 f3 37.Bxf3 Rxc3 38.Ra8+ Kh7 39.Bxe4+ Nxe4 40.Rxc3 Nxc3 41.
Nc6 Nxb5 42.Rb8 Nd6 43.Rxb6 Nc4 44.Rb8 Rc7 45.Nd8 Re7 46.Nc6 Rc7 47.Nd8 
Re7 48.Nc6 1/2-1/2

[Event "45th Nordic Ch"]
[Site "Reykjavik ISL"]
[Date "1997.10.09"]
[Round "2"]
[White "Thorhallsson, Throestur"]
[Black "Hector, Jonny"]
[Result "1/2-1/2"]
[WhiteElo "2510"]
[BlackElo "2470"]
[EventDate "1997.10.08"]
[PlyCount "72"]

1.e4 e5 2.Nf3 Nc6 3.d4 exd4 4.Nxd4 Qf6 5.Be3 Bc5 6.c3 Qg6 7.f3 Nge7 8.Nf5 
Bxe3 9.Nxe3 O-O 10.Na3 f5 11.exf5 Nxf5 12.Nxf5 Qxf5 13.Qb3+ d5 14.O-O-O 
Be6 15.Qxb7 Ne5 16.Nc2 Rab8 17.Qxa7 Rb6 18.Nd4 Qf4+ 19.Kb1 Bf7 20.Bb5 Nc4 
21.Bxc4 dxc4 22.g3 Qd6 23.Nc2 Qc6 24.Nb4 Rxb4 25.cxb4 c3 26.Qc5 Qa4 27.a3 
c2+ 28.Qxc2 Bg6 29.Rd3 Qb5 30.Rhd1 Rxf3 31.Qb3+ Kf8 32.Kc2 Qe5 33.Kc1 Qg5+
34.Kc2 Qe5 35.Kc1 Qg5+ 36.Kc2 1/2-1/2

[Event "45th Nordic Ch"]
[Site "Reykjavik ISL"]
[Date "1997.10.09"]
[Round "2"]
[White "Stefansson, Hannes Hlifar"]
[Black "Hansen, Curt"]
[Result "0-1"]
[WhiteElo "2545"]
[BlackElo "2600"]
[EventDate "1997.10.08"]
[PlyCount "104"]

1.e4 c5 2.Nf3 d6 3.d4 cxd4 4.Nxd4 Nf6 5.Nc3 a6 6.Be2 e6 7.O-O Nc6 8.a4 Be7
9.Be3 Bd7 10.f4 Nxd4 11.Qxd4 Bc6 12.Bf3 O-O 13.Rfd1 Qc7 14.a5 Rac8 15.Qd2 
Rfe8 16.Kh1 h6 17.Qf2 Nd7 18.Ne2 Nc5 19.Ng3 Bh4 20.e5 Bxf3 21.Qxf3 d5 22.
Nh5 g6 23.Ng3 Bxg3 24.hxg3 Ne4 25.c3 h5 26.Rd4 Qe7 27.Kg1 Rc5 28.Rb4 Rb5 
29.Rxb5 axb5 30.Bd4 Rc8 31.Qd3 b4 32.a6 bxa6 33.Qxa6 Rb8 34.Kh2 bxc3 35.
bxc3 Qc7 36.Qd3 Qc6 37.Ra7 Rb2 38.Qf3 Qc4 39.f5 Ng5 40.Qd1 Qe2 41.Ra8+ Kh7
42.fxg6+ Kxg6 43.Rg8+ Kf5 44.Qxe2 Rxe2 45.Kg1 Ne4 46.Rg7 Re1+ 47.Kh2 f6 
48.Rf7 Kg6 49.Re7 fxe5 50.Rxe6+ Nf6 51.Bf2 Rf1 52.Bg1 Kf5 0-1

[Event "45th Nordic Ch"]
[Site "Reykjavik ISL"]
[Date "1997.10.09"]
[Round "2"]
[White "Gausel, Einar"]
[Black "Hillarp Persson, Tiger"]
[Result "1/2-1/2"]
[WhiteElo "2540"]
[BlackElo "2445"]
[EventDate "1997.10.08"]
[PlyCount "56"]

1.d4 Nf6 2.Nf3 g6 3.Bf4 Bg7 4.e3 O-O 5.h3 c5 6.c3 d5 7.Nbd2 Nfd7 8.Be2 Nc6
9.O-O e5 10.dxe5 Ndxe5 11.Qb3 c4 12.Qd1 Bf5 13.Bxe5 Nxe5 14.Nd4 Bd3 15.b3 
Qc7 16.Bxd3 Nxd3 17.Qc2 Bxd4 18.exd4 b5 19.a4 a6 20.Nf3 Rae8 21.axb5 axb5 
22.bxc4 bxc4 23.g3 Rb8 24.Rab1 Rxb1 25.Rxb1 Re8 26.Qd2 Qe7 27.h4 Qe2 28.
Rb8 Kg7 1/2-1/2

[Event "45th Nordic Ch"]
[Site "Reykjavik ISL"]
[Date "1997.10.09"]
[Round "2"]
[White "Nilssen, John Arni"]
[Black "Hjartarson, Johann"]
[Result "0-1"]
[WhiteElo "2315"]
[BlackElo "2605"]
[EventDate "1997.10.08"]
[PlyCount "120"]

1.d4 Nf6 2.c4 e6 3.g3 d5 4.Nf3 Bb4+ 5.Bd2 Be7 6.Bg2 O-O 7.O-O c6 8.Qc2 
Nbd7 9.Bf4 b6 10.Rd1 Bb7 11.Nc3 Nh5 12.Rac1 Nxf4 13.gxf4 Bd6 14.e3 Qe7 15.
a3 Rac8 16.cxd5 cxd5 17.Qa4 a6 18.b4 Nf6 19.Ne5 h6 20.Qb3 Bb8 21.Rc2 Rfd8 
22.Rdc1 Ne8 23.Na4 Rxc2 24.Rxc2 Qd6 25.Qb1 Rc8 26.Rxc8 Bxc8 27.Qc2 Bb7 28.
Bf3 Nf6 29.Be2 Qc7 30.Bd3 Qxc2 31.Bxc2 Bc7 32.Bd3 Kf8 33.Kf1 Ke7 34.Ke2 
Ne8 35.Nb2 Nd6 36.Nf3 f6 37.Ke1 g5 38.fxg5 hxg5 39.a4 g4 40.Nd2 Nf7 41.Be2
Nh6 42.Nf1 Bd6 43.b5 a5 44.Ng3 e5 45.Bd3 exd4 46.exd4 Bb4+ 47.Ke2 Bc3 48.
Nd1 Bxd4 49.Nf5+ Nxf5 50.Bxf5 Be5 51.Ne3 Bxh2 52.Nxg4 Be5 53.Kd3 Kd6 54.
Ne3 Kc5 55.Nc2 Bb2 56.Be6 d4 57.Ne1 Kb4 58.Nc2+ Kxa4 59.Bc4 f5 60.Nxd4 0-1

[Event "45th Nordic Ch"]
[Site "Reykjavik ISL"]
[Date "1997.10.09"]
[Round "2"]
[White "Westerinen, Heikki"]
[Black "Tisdall, Jonathan"]
[Result "1/2-1/2"]
[WhiteElo "2410"]
[BlackElo "2480"]
[EventDate "1997.10.08"]
[PlyCount "80"]

1.e4 c5 2.Nf3 d6 3.d4 cxd4 4.Qxd4 a6 5.c4 Nc6 6.Qd2 Nf6 7.Nc3 e6 8.Be2 Be7
9.O-O O-O 10.b3 Bd7 11.Bb2 Qb8 12.Rfd1 Rd8 13.Nd4 b6 14.Qe3 Qb7 15.a4 Rac8
16.Rac1 Nxd4 17.Qxd4 Bc6 18.Bd3 Bf8 19.Qe3 Re8 20.Qf4 Nd7 21.Bc2 Ne5 22.
Qg3 Ng6 23.Ba3 b5 24.axb5 axb5 25.cxb5 Bxb5 26.Nxb5 Qxb5 27.Bxd6 Red8 28.
e5 Nxe5 29.Bxe5 Rxd1+ 30.Rxd1 Qe2 31.Qd3 Rxc2 32.Qxe2 Rxe2 33.Bd4 f6 34.
Kf1 Rc2 35.Rb1 e5 36.Be3 Bb4 37.g4 h5 38.h3 Kf7 39.Kg2 hxg4 40.hxg4 Kg6 
1/2-1/2

[Event "45th Nordic Ch"]
[Site "Reykjavik ISL"]
[Date "1997.10.09"]
[Round "2"]
[White "Djurhuus, Rune"]
[Black "Aakesson, Ralf"]
[Result "1/2-1/2"]
[WhiteElo "2525"]
[BlackElo "2520"]
[EventDate "1997.10.08"]
[PlyCount "26"]

1.e4 c5 2.Nf3 e6 3.d3 Nc6 4.g3 d5 5.Qe2 Nge7 6.Bg2 g6 7.O-O Bg7 8.c3 b6 9.
Re1 d4 10.c4 e5 11.Rf1 O-O 12.Ne1 Qc7 13.f4 1/2-1/2

[Event "45th Nordic Ch"]
[Site "Reykjavik ISL"]
[Date "1997.10.10"]
[Round "3"]
[White "Hansen, Curt"]
[Black "Gretarsson, Helgi Ass"]
[Result "1/2-1/2"]
[WhiteElo "2600"]
[BlackElo "2475"]
[EventDate "1997.10.08"]
[PlyCount "42"]

1.e4 e5 2.Nf3 d6 3.d4 Nf6 4.Nc3 Nbd7 5.Bc4 Be7 6.O-O O-O 7.a4 c6 8.Qe2 b6 
9.Rd1 Qc7 10.d5 Bb7 11.Bg5 h6 12.dxc6 Bxc6 13.Bh4 Rac8 14.b3 g5 15.Bg3 Nc5
16.Nd2 Ne6 17.f3 Nf4 18.Qe1 Rfd8 19.Nf1 d5 20.exd5 N6xd5 21.Nxd5 1/2-1/2

[Event "45th Nordic Ch"]
[Site "Reykjavik ISL"]
[Date "1997.10.10"]
[Round "3"]
[White "Schandorff, Lars"]
[Black "Thorhallsson, Throestur"]
[Result "1/2-1/2"]
[WhiteElo "2505"]
[BlackElo "2510"]
[EventDate "1997.10.08"]
[PlyCount "92"]

1.d4 d5 2.c4 dxc4 3.Nf3 Nf6 4.e3 e6 5.Bxc4 c5 6.Qe2 a6 7.dxc5 Bxc5 8.O-O 
b5 9.Bd3 Bb7 10.Bxb5+ Ke7 11.Bd3 Qc7 12.e4 Ng4 13.Bg5+ f6 14.Bh4 Bd6 15.
Bg3 h5 16.Nbd2 Nc6 17.Rac1 Bxg3 18.hxg3 h4 19.Nd4 Nge5 20.N2f3 hxg3 21.
Nxe5 gxf2+ 22.Kxf2 fxe5 23.Nxc6+ Bxc6 24.Qe3 Qd6 25.Rfd1 Be8 26.Be2 Qb8 
27.Qc5+ Kf7 28.Rd3 Qa7 29.Rf3+ Kg6 30.Qxa7 Rxa7 31.Rc8 Re7 32.Rg3+ Kf6 33.
Rf3+ Kg6 34.Bxa6 Rh1 35.Rg3+ Kf6 36.Rcc3 g5 37.Rgf3+ Kg6 38.Rc5 Rb1 39.Rb3
Kf6 40.Be2 Bg6 41.Bd3 Ra1 42.a3 Rd7 43.Rcc3 Rd4 44.Rb6 Bxe4 45.Bxe4 Rxe4 
46.Rd6 Rd4 1/2-1/2

[Event "45th Nordic Ch"]
[Site "Reykjavik ISL"]
[Date "1997.10.10"]
[Round "3"]
[White "Hjartarson, Johann"]
[Black "Stefansson, Hannes Hlifar"]
[Result "1-0"]
[WhiteElo "2605"]
[BlackElo "2545"]
[EventDate "1997.10.08"]
[PlyCount "74"]

1.e4 e5 2.Nf3 Nc6 3.Bb5 a6 4.Ba4 Nf6 5.O-O b5 6.Bb3 Bc5 7.a4 Rb8 8.axb5 
axb5 9.Nxe5 Nxe5 10.d4 Bxd4 11.Qxd4 d6 12.f4 Nc6 13.Qc3 Ne7 14.e5 Ne4 15.
Qe1 Nc5 16.Ba2 O-O 17.b4 Na4 18.Nc3 dxe5 19.Nxa4 bxa4 20.fxe5 Nc6 21.c3 
Qe7 22.Bd5 Bd7 23.Rxa4 Nxe5 24.Ra5 Kh8 25.Qg3 Rfe8 26.Bf4 f6 27.h3 Bb5 28.
Rfa1 Qd7 29.Bb3 Qc6 30.Kh1 Rbd8 31.Bxe5 Rd3 32.Qh4 Rd2 33.Rg1 fxe5 34.c4 
Rd4 35.cxb5 Qd6 36.Qh5 g6 37.Qg5 1-0

[Event "45th Nordic Ch"]
[Site "Reykjavik ISL"]
[Date "1997.10.10"]
[Round "3"]
[White "Hillarp Persson, Tiger"]
[Black "Nilssen, John Arni"]
[Result "1-0"]
[WhiteElo "2445"]
[BlackElo "2315"]
[EventDate "1997.10.08"]
[PlyCount "44"]

1.d4 f5 2.Nc3 d5 3.Bg5 Nf6 4.Bxf6 exf6 5.e3 c6 6.Bd3 Be6 7.Qf3 g6 8.Nge2 
Nd7 9.h3 Ne5 10.dxe5 fxe5 11.Qg3 Bd6 12.f4 e4 13.Nd4 Bf7 14.Be2 c5 15.Nb3 
d4 16.exd4 Bxb3 17.dxc5 Be7 18.Rd1 Qc7 19.axb3 Qxc5 20.Qf2 Qa5 21.Qd4 O-O 
22.Bc4+ 1-0

[Event "45th Nordic Ch"]
[Site "Reykjavik ISL"]
[Date "1997.10.10"]
[Round "3"]
[White "Aakesson, Ralf"]
[Black "Gausel, Einar"]
[Result "1/2-1/2"]
[WhiteElo "2520"]
[BlackElo "2540"]
[EventDate "1997.10.08"]
[PlyCount "98"]

1.Nf3 d5 2.d4 Nf6 3.c4 c6 4.Qc2 e6 5.g3 dxc4 6.Qxc4 b5 7.Qc2 Bb7 8.Bg2 
Nbd7 9.Ne5 Qb6 10.Nxd7 Nxd7 11.Be3 c5 12.Bxb7 Qxb7 13.O-O Rc8 14.Rc1 c4 
15.a4 a6 16.axb5 axb5 17.Nc3 Bb4 18.d5 exd5 19.Ra7 Qc6 20.Nxd5 Qxd5 21.Rd1
Qe6 22.Rdxd7 O-O 23.Qd1 Bc5 24.Bxc5 Rxc5 25.Qd2 h6 26.Rab7 Qf5 27.Qd4 Re5 
28.e3 Qh5 29.Kg2 Qf5 30.h3 h5 31.h4 g6 32.Rd8 Qe4+ 33.Qxe4 Rxe4 34.Rxf8+ 
Kxf8 35.Rxb5 Re6 36.Kf3 Rc6 37.e4 c3 38.bxc3 Rxc3+ 39.Kf4 Rc4 40.Ke5 Kg7 
41.Rb3 Ra4 42.f4 Ra5+ 43.Kd4 Ra4+ 44.Ke3 Kf6 45.Rb6+ Kg7 46.f5 gxf5 47.
exf5 Rc4 48.Rd6 Rg4 49.Kf3 1/2-1/2

[Event "45th Nordic Ch"]
[Site "Reykjavik ISL"]
[Date "1997.10.10"]
[Round "3"]
[White "Hector, Jonny"]
[Black "Westerinen, Heikki"]
[Result "1-0"]
[WhiteElo "2470"]
[BlackElo "2410"]
[EventDate "1997.10.08"]
[PlyCount "82"]

1.e4 d5 2.exd5 Qxd5 3.Nc3 Qa5 4.d4 Nf6 5.Bc4 Bf5 6.Bd2 c6 7.Qf3 Bg4 8.Qf4 
Qf5 9.Qe3 b5 10.Bb3 b4 11.Nce2 Bxe2 12.Nxe2 e6 13.Ng3 Qb5 14.c4 bxc3 15.
bxc3 Be7 16.c4 Qb7 17.O-O O-O 18.Rab1 Qd7 19.Bc3 a5 20.Ba4 Qc7 21.Qf3 Ra7 
22.Rfd1 Rc8 23.Nf1 Nbd7 24.Ne3 Nb6 25.Bc2 Nbd7 26.g4 Nf8 27.g5 N6d7 28.h4 
Ng6 29.Ng2 c5 30.d5 e5 31.h5 Nf4 32.Nxf4 exf4 33.Qd3 Nf8 34.d6 Qd7 35.Qf5 
Bd8 36.Qxf4 Qh3 37.Bf5 Qxc3 38.Bxc8 f6 39.g6 hxg6 40.hxg6 Ra8 41.Bf5 1-0

[Event "45th Nordic Ch"]
[Site "Reykjavik ISL"]
[Date "1997.10.11"]
[Round "4"]
[White "Stefansson, Hannes Hlifar"]
[Black "Gretarsson, Helgi Ass"]
[Result "1-0"]
[WhiteElo "2545"]
[BlackElo "2475"]
[EventDate "1997.10.08"]
[PlyCount "58"]

1.e4 e5 2.Nf3 d6 3.d4 Nf6 4.Nc3 Nbd7 5.Bc4 Be7 6.O-O O-O 7.Re1 c6 8.a4 b6 
9.d5 Bb7 10.dxc6 Bxc6 11.Bg5 Rc8 12.b3 h6 13.Bxf6 Nxf6 14.Qe2 g6 15.Nd2 
Qc7 16.Rad1 Rcd8 17.Nf1 Kg7 18.Nd5 Nxd5 19.Bxd5 Bd7 20.Ne3 Bg5 21.Rd3 b5 
22.axb5 Bxb5 23.c4 Be8 24.Ra1 Qc5 25.Qe1 Rd7 26.b4 Qb6 27.b5 Rc7 28.Qb4 
Bxe3 29.Rxe3 1-0

[Event "45th Nordic Ch"]
[Site "Reykjavik ISL"]
[Date "1997.10.11"]
[Round "4"]
[White "Hjartarson, Johann"]
[Black "Hillarp Persson, Tiger"]
[Result "1-0"]
[WhiteElo "2605"]
[BlackElo "2445"]
[EventDate "1997.10.08"]
[PlyCount "64"]

1.Nf3 d6 2.d4 g6 3.g3 Bg7 4.Bg2 Nf6 5.O-O O-O 6.c4 Nbd7 7.Nc3 e5 8.e4 exd4
9.Nxd4 Re8 10.h3 a6 11.Re1 Rb8 12.Rb1 Ne5 13.b3 c5 14.Nc2 b5 15.f4 Ned7 
16.Qxd6 b4 17.Na4 Nh5 18.g4 Bf8 19.Qd3 Ng7 20.Be3 Qc7 21.Rbd1 Ne6 22.Qd2 
h6 23.f5 Ng5 24.h4 Rxe4 25.hxg5 Rxg4 26.fxg6 Bb7 27.Qxd7 Rxg2+ 28.Kf1 Rc8 
29.Qxc7 Rxc7 30.Bf4 Rc8 31.gxf7+ Kh7 32.Ne3 1-0

[Event "45th Nordic Ch"]
[Site "Reykjavik ISL"]
[Date "1997.10.11"]
[Round "4"]
[White "Djurhuus, Rune"]
[Black "Hector, Jonny"]
[Result "0-1"]
[WhiteElo "2525"]
[BlackElo "2470"]
[EventDate "1997.10.08"]
[PlyCount "80"]

1.e4 e5 2.Nf3 Nc6 3.Bb5 a6 4.Bxc6 dxc6 5.O-O Qd6 6.Na3 b5 7.c3 c5 8.Qe2 
Bb7 9.Rd1 O-O-O 10.d4 exd4 11.cxd4 Qe7 12.e5 Nf6 13.Nc2 Nd5 14.a4 c4 15.
axb5 axb5 16.Bd2 Rg8 17.Ra7 g5 18.b3 g4 19.Nfe1 c3 20.Rxb7 Kxb7 21.Qxb5+ 
Nb6 22.Bxc3 Qd7 23.Qd3 Nd5 24.Bd2 Rg6 25.Qe4 f5 26.Qe2 Rb6 27.Rb1 c5 28.
dxc5 Bxc5 29.Nd3 Be7 30.Ba5 Nc3 31.Qe3 Qb5 32.Bxc3 Rxd3 33.Qe1 Qc5 34.Bb4 
Rxb4 35.Nxb4 Qxb4 36.Qc1 Qd2 37.Qf1 f4 38.b4 f3 39.h3 h5 40.g3 Qe2 0-1

[Event "45th Nordic Ch"]
[Site "Reykjavik ISL"]
[Date "1997.10.11"]
[Round "4"]
[White "Nilssen, John Arni"]
[Black "Aakesson, Ralf"]
[Result "1/2-1/2"]
[WhiteElo "2315"]
[BlackElo "2520"]
[EventDate "1997.10.08"]
[PlyCount "140"]

1.Nf3 Nf6 2.c4 c5 3.g3 b6 4.Bg2 Bb7 5.O-O e6 6.Nc3 Be7 7.Re1 d6 8.e4 a6 9.
d4 cxd4 10.Nxd4 Qc7 11.Be3 Nbd7 12.Rc1 Nc5 13.f3 Rc8 14.Bf2 Qb8 15.Qe2 O-O
16.f4 g6 17.Nb3 Nxb3 18.axb3 Rfe8 19.Rcd1 Nd7 20.e5 Bxg2 21.Kxg2 Red8 22.
exd6 Bxd6 23.Ne4 Be7 24.Bd4 Qb7 25.Qf3 Kf8 26.Bc3 Qc6 27.Rd2 Nc5 28.Rxd8+ 
Rxd8 29.Nxc5 Qxc5 30.Rd1 Rxd1 31.Qxd1 Qc6+ 32.Qf3 Qxf3+ 33.Kxf3 a5 34.Bd4 
Bc5 35.Bf6 Ke8 36.g4 Kd7 37.h3 h5 38.Ke4 Bd6 39.Bd4 f5+ 40.gxf5 gxf5+ 41.
Kf3 Kc6 42.Kg3 Be7 43.Kf3 Bh4 44.Bc3 Kc5 45.Ke3 Bd8 46.Kd3 Bc7 47.Bd2 b5 
48.cxb5 Kxb5 49.Kd4 Bd6 50.Kd3 Bb8 51.Ke3 Ba7+ 52.Kf3 Bc5 53.Kg3 Be7 54.
Bc3 Bd8 55.Kf3 Kc5 56.Ke3 Bc7 57.Bd2 Bb6 58.Kd3 Bd8 59.Be1 Bc7 60.Ke3 Kd5 
61.Bc3 Bd8 62.Kd3 Bb6 63.Be5 Bc5 64.Bc3 Bb4 65.Ke3 Bc5+ 66.Kd3 Bd6 67.Ke3 
Bc7 68.Be1 Bb6+ 69.Kf3 Bd8 70.Ke3 1/2-1/2

[Event "45th Nordic Ch"]
[Site "Reykjavik ISL"]
[Date "1997.10.11"]
[Round "4"]
[White "Westerinen, Heikki"]
[Black "Schandorff, Lars"]
[Result "0-1"]
[WhiteElo "2410"]
[BlackElo "2505"]
[EventDate "1997.10.08"]
[PlyCount "96"]

1.e4 c5 2.Nf3 Nc6 3.d4 cxd4 4.Nxd4 Nf6 5.Nc3 e5 6.Ndb5 d6 7.Bg5 a6 8.Na3 
b5 9.Nd5 Be7 10.Bxf6 Bxf6 11.c3 O-O 12.Nc2 Rb8 13.g3 Be6 14.Bg2 Bg5 15.O-O
a5 16.Qd3 Ne7 17.Nce3 Bxe3 18.Nxe3 Qb6 19.Rfd1 Rfd8 20.Rd2 b4 21.h3 bxc3 
22.bxc3 Qc5 23.Rad1 h6 24.Kh2 a4 25.Qa6 Ra8 26.Qb7 Ra7 27.Qb4 Rc8 28.Rxd6 
Bxa2 29.Rd8+ Kh7 30.Rxc8 Qxb4 31.cxb4 Nxc8 32.Bf1 Bb3 33.Ra1 Nd6 34.Bd3 
Rb7 35.Nc2 g6 36.f3 Nc4 37.Kg2 Nb2 38.Ba6 Rb6 39.Rb1 Bxc2 40.Rxb2 Bb3 41.
b5 Be6 42.Kf2 a3 43.Rb1 a2 44.Ra1 Bb3 45.Ke2 Rd6 46.Bb7 Bc4+ 47.Ke1 Rd3 
48.Bd5 Rb3 0-1

[Event "45th Nordic Ch"]
[Site "Reykjavik ISL"]
[Date "1997.10.12"]
[Round "5"]
[White "Gretarsson, Helgi Ass"]
[Black "Thorhallsson, Throestur"]
[Result "1/2-1/2"]
[WhiteElo "2475"]
[BlackElo "2510"]
[EventDate "1997.10.08"]
[PlyCount "130"]

1.c4 e6 2.Nf3 d5 3.e3 dxc4 4.Bxc4 c5 5.d4 a6 6.Bd3 Nf6 7.O-O Nc6 8.Nc3 
cxd4 9.exd4 Nb4 10.Bb1 Be7 11.Bg5 O-O 12.a3 Nc6 13.Qc2 g6 14.Rd1 Nd5 15.
Bh6 Re8 16.Ne5 Bd7 17.Nxd5 exd5 18.Ba2 Nxe5 19.dxe5 Bc6 20.Qd2 Qc7 21.Bf4 
Rad8 22.Rac1 Qd7 23.Be3 Ba4 24.b3 Bc6 25.Qb2 Qf5 26.Bd4 Bg5 27.Rc3 Bf4 28.
Rf3 Qh5 29.h3 Bxe5 30.b4 Bxd4 31.Qxd4 Qe5 32.Bb3 Qxd4 33.Rxd4 Kg7 34.a4 
Re7 35.Rfd3 Re1+ 36.Kh2 Ra1 37.Re3 Ra3 38.a5 Rd7 39.Kg3 Rd6 40.Rf3 f5 41.
h4 Kf6 42.Re3 h6 43.Kf3 g5 44.g3 Ra1 45.Ke2 Rb1 46.Bc2 Rc1 47.Kd2 Rf1 48.
hxg5+ hxg5 49.f4 Rf2+ 50.Kd1 gxf4 51.gxf4 Re6 52.Rxe6+ Kxe6 53.Bb3 Kd6 54.
Bc4 Rh2 55.Bb3 Rf2 56.Bc4 Ke6 57.Bb3 Rb2 58.Bc2 Ra2 59.Kc1 Ba4 60.Bb1 Rf2 
61.Bd3 Rh2 62.Bb1 Rf2 63.Bd3 Bb3 64.Kb1 Ba4 65.Kc1 1/2-1/2

[Event "45th Nordic Ch"]
[Site "Reykjavik ISL"]
[Date "1997.10.12"]
[Round "5"]
[White "Hillarp Persson, Tiger"]
[Black "Stefansson, Hannes Hlifar"]
[Result "1/2-1/2"]
[WhiteElo "2445"]
[BlackElo "2545"]
[EventDate "1997.10.08"]
[PlyCount "32"]

1.d4 Nf6 2.c4 e6 3.Nc3 Bb4 4.Qc2 O-O 5.a3 Bxc3+ 6.Qxc3 b6 7.Bg5 Bb7 8.Nf3 
d6 9.Nd2 Nbd7 10.f3 c5 11.e4 cxd4 12.Qxd4 Qc7 13.Be2 d5 14.exd5 exd5 15.
O-O Rac8 16.Rfe1 Rfe8 1/2-1/2

[Event "45th Nordic Ch"]
[Site "Reykjavik ISL"]
[Date "1997.10.12"]
[Round "5"]
[White "Hector, Jonny"]
[Black "Gausel, Einar"]
[Result "1/2-1/2"]
[WhiteElo "2470"]
[BlackElo "2540"]
[EventDate "1997.10.08"]
[PlyCount "46"]

1.e4 c6 2.d4 d5 3.Nd2 dxe4 4.Nxe4 Nd7 5.Ng5 Ngf6 6.Bc4 e6 7.Qe2 Nb6 8.Bd3 
h6 9.N5f3 c5 10.Be3 Qc7 11.Ne5 cxd4 12.Bb5+ Bd7 13.Bxd4 Bxb5 14.Qxb5+ Nbd7
15.O-O-O a6 16.Qe2 Bc5 17.Nxd7 Bxd4 18.Rxd4 Nxd7 19.Nf3 O-O 20.Rhd1 Nf6 
21.Ne5 Rad8 22.Qc4 Qa5 23.Rxd8 1/2-1/2

[Event "45th Nordic Ch"]
[Site "Reykjavik ISL"]
[Date "1997.10.12"]
[Round "5"]
[White "Tisdall, Jonathan"]
[Black "Nilssen, John Arni"]
[Result "1/2-1/2"]
[WhiteElo "2480"]
[BlackElo "2315"]
[EventDate "1997.10.08"]
[PlyCount "122"]

1.d4 f5 2.Bg5 g6 3.e3 Nh6 4.Nc3 Nf7 5.Bh4 c6 6.g4 fxg4 7.Qxg4 d5 8.Qg2 Bg7
9.O-O-O O-O 10.Nf3 Bf5 11.Bg3 Nd7 12.Nh4 Bg4 13.Bc7 Qxc7 14.Qxg4 Nf6 15.
Qe6 Qd7 16.Bh3 Qxe6 17.Bxe6 Nh5 18.f4 Bf6 19.Nf3 Ng7 20.Bxf7+ Rxf7 21.Kd2 
Nf5 22.h4 h5 23.Rdg1 Rg7 24.Rg2 e6 25.Ne2 Nd6 26.b3 Re8 27.Ne5 Kh7 28.Ng1 
Ne4+ 29.Kd3 c5 30.Ngf3 cxd4 31.Kxd4 Nd6 32.Kd3 Rc8 33.Rhg1 Rgc7 34.c4 
dxc4+ 35.bxc4 Nxc4 36.Rxg6 Rd8+ 37.Ke2 Nxe5 38.Nxe5 Rf8 39.Kd3 Bxe5 40.
fxe5 Re8 41.R6g5 Rd8+ 42.Ke2 Rc2+ 43.Kf3 Rf8+ 44.Ke4 Rc4+ 45.Kd3 Rxh4 46.
Rg7+ Kh8 47.Rxb7 Rg4 48.Rxg4 hxg4 49.Rxa7 Rf5 50.Ra4 Rg5 51.Ke2 Kh7 52.Kf2
g3+ 53.Kg2 Rxe5 54.e4 Rg5 55.Rb4 Kh6 56.a4 Kh5 57.Rb5 e5 58.Rb3 Kh4 59.a5 
Rg7 60.a6 Rc7 61.Rb2 1/2-1/2